1283 1999 1357 1658 1400 1712 1862 1231 1595 1761 1478 1289 1915 1724 1636 1499 1325 1349 1506 1857 1864 1379 1205 1450 1259 1869 1678 1787 1456 1160 1569 1011 1156 1575 1368 1569 1000 1958 1559 1006 1618 1554 1032 1888 1852 1581 1707 1314 1954 1526 1321 1553 1042 1528 1918 1419 1409 1831 1314 1930 1766 1586 1103 1336 1789 1378 1958 1432 1441 1601 1495 1894 1993 1345 1442 1473 1787 1682 1959 1946 1881 1858 1254 1838 1250 1054 1458 1649 1673 1758 1270 1323 1289 1947 1022 1996 1215 1741 1143 BCNSPRNW ULIB Ver.6.0+V

เปลี่ยนเป็นภาษาไทย

Change to English
 แสดงรายละเอียดบรรณานุกรม
  กลับหน้าหลัก

Brief Record : Get Marc (ISO 2709) : E-mail record : QR code < ปิดหน้าต่าง
LEADER : 00000nam 2200000uu 4500
001    13399113586
003     ULIB
008    020711s2547 th a 000 0 tha d
050    ^aBF637.58 ฐ45ข 2547
100    ^aฐิตินาถ ณ พัทลุง
245    ^aเข็มทิศชีวิต/^cฐิตินาถ ณ พัทลุง
250    ^aพิมพ์ครั้งที่ 1
260    ^aกรุงเทพฯ :^bโรงพิมพ์อักษรสัมพันธ์ (1987) จำกัด,^c2547
300    ^a203 หน้า :^bภาพประกอบ หน้า
650    ความสำเร็จแง่จิตวิทยา
945    ^p0^l0^i017256
945    ^p0^l0^i017257
945    ^p0^l0^i017258
945    ^p0^l0^i017259
945    ^p0^l0^i027254
999    ^aวรรณษา ชูชัยมงคล
รายการนี้ยังไม่มีแท็ก
คุณยังไม่ได้ล็อกอิน คุณสามารถมีกิจกรรมร่วมกับเว็บไซต์ได้ แต่ต้องล็อกอินก่อน ::
  ล็อกอิน

รายการสื่อสารสนเทศ

ลำดับที่ ประเภท เลขเรียก/บาร์โค้ด สถานที่ สถานะ
- ไม่พบข้อมูล -

รายการใกล้เคียง
    ผู้แต่ง [ฐิตินาถ ณ พัทลุง]

    หัวเรื่อง [ความสำเร็จแง่จิตวิทยา]

BibComment


ยังไม่เคยถูกคอมเมนท์

คอมเมนท์ทรัพยากรรายการนี้
  คอมเมนท์: เข็มทิศชีวิต ฐิต..


 Copyright 2026. Bcnsprnw @Library